Juris civilis antecessoris, institutiones imperiales, erotematibus distinctae, atque ex ipsis principiis regulisque juris, passim insertis, explicatae

Detalles Bibliográficos
Autor principal: Pérez, Antonio 1583-1673
Autor Corporativo: Real Compañía de Impresores y Libreros del Reino de España, ed
Formato: Libro
Lenguaje:Latin
Publicado: Matriti 1765
Edición:Editio novissima post varias editiones externas denuò revisa et à mendis purgata ad exemplar originale lovaniense
Materias:
Colección:Banco de datos
Acervo:Biblioteca Armando Olivares Carrillo de la Universidad de Guanajuato. Fondo Conventos
Descripción Física:618 p., [2] h. 8°
Tema general:Derecho civil
Notas:Marca de fuego: Convento de san Francisco de Salamanca, Gto.
LEADER 01047nam a22002050004500
035 |a 4192 
041 0 |a lat 
050 4 |a K623  |b P4 
100 1 |a Pérez, Antonio  |d 1583-1673 
245 1 0 |a Juris civilis antecessoris, institutiones imperiales, erotematibus distinctae, atque ex ipsis principiis regulisque juris, passim insertis, explicatae  |c Antonii Perezii J.C. S. C. & R. Majest. consiliarii in Academia Lovaniensi 
250 |a Editio novissima post varias editiones externas denuò revisa et à mendis purgata ad exemplar originale lovaniense 
260 |a Matriti  |b apud Michaelem Escribano ; expensis Societatis Librariorum, et typographariorum hujus regni  |c 1765 
300 |a 618 p., [2] h.  |c 8° 
500 |a Marca de fuego: Convento de san Francisco de Salamanca, Gto.  
650 1 0 |a Derecho civil 
710 1 |a Real Compañía de Impresores y Libreros del Reino de España, ed. 
949 |a CO. 7603 
942 |c GUANAJUATO 
943 |g Biblioteca Armando Olivares Carrillo de la Universidad de Guanajuato. Fondo Conventos 
999 |c 1148149  |d 1148149